| 000 | 004860000a22001570004500 | ||
|---|---|---|---|
| 003 | MACL | ||
| 005 | 20170920124839.0 | ||
| 008 | 170920b xxu||||| |||| 00| 0 eng d | ||
| 040 | _cmacl | ||
| 100 |
_aगोविंदम एस. _969188 |
||
| 245 | _a5000 साल पहले सिंधु घाटी की सभ्यता | ||
| 260 |
_bआई ई टी एस _c2007 |
||
| 350 | _a50 | ||
| 650 |
_aबाल पुस्तक _966192 |
||
| 942 |
_cHIN _k741.642 _2ddc |
||
| 999 |
_c18719 _d18719 |
||